LIBRARY & INFORMATION CENTRE, KCAET, TAVANUR

ONLINE PUBLIC ACCESS CATALOGUE (OPAC)

Meat, Egg and Poultry: | science & technology (Record no. 17691)

MARC details
000 -LEADER
fixed length control field 00383nam a22001577a 4500
003 - CONTROL NUMBER IDENTIFIER
control field OSt
008 - FIXED-LENGTH DATA ELEMENTS--GENERAL INFORMATION
fixed length control field 230510b |||||||| |||| 00| 0 eng d
020 ## - INTERNATIONAL STANDARD BOOK NUMBER
ISBN 9789389795738
041 ## - LANGUAGE CODE
Language code of text/sound track or separate title eng
082 ## - DEWEY DECIMAL CLASSIFICATION NUMBER
Classification number 664.92
Item number VIK/ME
100 ## - MAIN ENTRY--AUTHOR NAME
Personal name Vikas nanda
245 ## - TITLE STATEMENT
Title Meat, Egg and Poultry:
Remainder of title science & technology
260 ## - PUBLICATION, DISTRIBUTION, ETC. (IMPRINT)
Place of publication New delhi
Name of publisher Dreamrtech
Year of publication 2020
300 ## - PHYSICAL DESCRIPTION
Number of Pages 284
942 ## - ADDED ENTRY ELEMENTS (KOHA)
Koha item type Books
Holdings
Withdrawn status Lost status Damaged status Collection code Home library Current library Shelving location Date acquired Source of acquisition Cost, normal purchase price Full call number Accession Number Koha item type
      General Books KAUAET KAUAET General Stacks 24/03/2023 aman book stall,calicut 425.00 664.92 VIK/ME 26121 Books
free website counter